000 00522nam a2200193 a 4500
001 1772447158611
003 YourLibrary
005 20260302160218.0
008 260302s2005##################000#0#eng##
020 _a9780199284016
082 0 4 _a327.174
_bSIP
100 1 _aInstitute, Stockholm International Peace Research,
_eauthor.
245 1 0 _aSIPRI Yearbook 2005 :
260 _bSIPRI Yearbook,
_c2005.
300 _a889 pages
650 0 _aHistory.
942 _cENGLISH
040 _aYourLibrary
_beng
_cYourLibrary
999 _c616548
_d616548